00685pab a2200193 454500008004000000100001900040245009800059260000900157300001500166362000800181650004300189650003700232650002200269700001900291773004600310909001100356999001900367952010500386180718b2015 xxu||||| |||| 00| 0 eng d aShalina, Mehta aLoss of ownership of land and social displacement: a case study from eco-city, new Chandigarh c2015 ap.111-129. aOct aAgricultural land - India - Chandigarh aLand tenure - India - Chandigarh aAgricultural land aSingh, Sarbeet aInternational Journal of Rural Management a110279 c110274d110274 00104070aIIPAbIIPAd2018-07-19hVolume no: 11, Issue no: 2pAR110739r2018-07-19w2018-07-19yAR